Real peace : (Record no. 1910)
[ view plain ]
| 000 -LEADER | |
|---|---|
| fixed length control field | 01159pam a2200325 a 4500 |
| 001 - CONTROL NUMBER | |
| control field | 2825478 |
| 003 - CONTROL NUMBER IDENTIFIER | |
| control field | OSt |
| 005 - DATE AND TIME OF LATEST TRANSACTION | |
| control field | 20230620161107.0 |
| 008 - FIXED-LENGTH DATA ELEMENTS--GENERAL INFORMATION | |
| fixed length control field | 831025s1983 nyu 000 0 eng |
| 010 ## - LIBRARY OF CONGRESS CONTROL NUMBER | |
| LC control number | 83062597 |
| 040 ## - CATALOGING SOURCE | |
| Original cataloging agency | DLC |
| Transcribing agency | DLC |
| Modifying agency | DLC |
| 043 ## - GEOGRAPHIC AREA CODE | |
| Geographic area code | n-us--- |
| -- | e-ur--- |
| 050 00 - LIBRARY OF CONGRESS CALL NUMBER | |
| Classification number | JX1963 |
| Item number | .N66 1983 |
| 051 ## - LIBRARY OF CONGRESS COPY, ISSUE, OFFPRINT STATEMENT | |
| Classification number | JX1963 |
| Item number | .N66 1983 Copy 4 |
| Copy information | LC copy inscribed by Richard Nixon to Clare Boothe Luce on front fly-leaf. |
| 082 00 - DEWEY DECIMAL CLASSIFICATION NUMBER | |
| Classification number | 327/.09/048 |
| Edition number | 19 |
| Item number | HIX |
| 100 1# - MAIN ENTRY--PERSONAL NAME | |
| Personal name | Nixon, Richard M. |
| Fuller form of name | (Richard Milhous), |
| Dates associated with a name | 1913-1994. |
| 245 10 - TITLE STATEMENT | |
| Title | Real peace : |
| Remainder of title | a strategy for the West / |
| Statement of responsibility, etc. | Richard Nixon. |
| 260 ## - PUBLICATION, DISTRIBUTION, ETC. (IMPRINT) | |
| Place of publication, distribution, etc. | New York : |
| Name of publisher, distributor, etc. | [S.n.], |
| Date of publication, distribution, etc. | c1983. |
| 300 ## - PHYSICAL DESCRIPTION | |
| Extent | 106 p. ; |
| Dimensions | 22 cm. |
| 650 #0 - SUBJECT ADDED ENTRY--TOPICAL TERM | |
| Topical term or geographic name as entry element | Peace. |
| 650 #0 - SUBJECT ADDED ENTRY--TOPICAL TERM | |
| Topical term or geographic name as entry element | International relations. |
| 651 #0 - SUBJECT ADDED ENTRY--GEOGRAPHIC NAME | |
| Geographic name | United States |
| General subdivision | Foreign relations |
| Geographic subdivision | Soviet Union. |
| 651 #0 - SUBJECT ADDED ENTRY--GEOGRAPHIC NAME | |
| Geographic name | Soviet Union |
| General subdivision | Foreign relations |
| Geographic subdivision | United States. |
| 700 1# - ADDED ENTRY--PERSONAL NAME | |
| Personal name | Nixon, Richard M. |
| Fuller form of name | (Richard Milhous), |
| Dates associated with a name | 1913-1994, |
| Relator term | inscriber. |
| Institution to which field applies | DLC |
| 700 1# - ADDED ENTRY--PERSONAL NAME | |
| Personal name | Luce, Clare Boothe, |
| Dates associated with a name | 1903-1987, |
| Relator term | former owner. |
| Institution to which field applies | DLC |
| 906 ## - LOCAL DATA ELEMENT F, LDF (RLIN) | |
| a | 0 |
| b | cbc |
| c | orignew |
| d | 1 |
| e | opcn |
| f | 19 |
| g | y-gencatlg |
| 942 ## - ADDED ENTRY ELEMENTS (KOHA) | |
| Source of classification or shelving scheme | Dewey Decimal Classification |
| Koha item type | Books |
| Withdrawn status | Lost status | Source of classification or shelving scheme | Damaged status | Not for loan | Home library | Current library | Date acquired | Total Checkouts | Full call number | Barcode | Date last seen | Price effective from | Koha item type |
|---|---|---|---|---|---|---|---|---|---|---|---|---|---|
| Dewey Decimal Classification | County Hall Archives | County Hall Archives | 06/20/2023 | 327/.09/048 HIX | 10000491 | 06/20/2023 | 06/20/2023 | Books |
